=LDR 00000nam 2200000 4500 =001 INLIS000000000053365 =005 20180725101350 =035 ##$$a 0010-0718000019 =007 ta =008 180725###########################0###### =082 ##$$a 570.71 =084 ##$$a 570.71 END b =100 #$$a Endah Sulistyawati =245 1#$$a Buku siswa biologi 12 (peminatan) /$c Endah Sulistyawati =260 ##$$a Klaten :$b Intan Pariwara,$c 2016 =300 ##$: $b Ilus ; $c 21 cm =650 ##$$a Biologi =990 ##$$a 77107710 =990 ##$$a 77107710 =990 ##$$a 77107710 =990 ##$$a 77107710 =990 ##$$a 77107710